000 00753nam a2200241 a 4500
001 000041272
003 OSt
005 20240412074300.0
008 130927s2011 dr r 000 p spa d
020 _a9789945473056
040 _aDO-SdBNP
_bspa
_cBNPHU
082 _aRD861.44
_bS211e
100 1 _aSánchez Beras, César
_d1962-
_913221
245 1 3 _aEclipse de mar /
_cCésar Sánchez Beras César.
260 _aSanto Domingo :
_bSantuario,
_c2011.
300 _a171 p. ;
_c22 cm.
500 _aIncluye datos biográficos del autor en la solapa de la cubierta.
590 _aInventariado, 2018/BT
650 0 _aPoesía dominicana
_966
650 0 _aLiteratura dominicana.
_967
910 _aValidado. Control de calidad. MFF
942 _2ddc
_cLBS1
999 _c40762
_d40762